Sant Benet de Bages (Record no. 144743)
[ view plain ]
| 000 -LEADER | |
|---|---|
| campo de control de longitud fija | 00676nam a2200193 4500 |
| 001 - NÚMERO DE CONTROL | |
| campo de control | 144743 |
| 003 - IDENTIFICADOR DE NÚMERO DE CONTROL | |
| campo de control | ES-MaACL |
| 005 - FECHA Y HORA DE LA ÚLTIMA TRANSACCIÓN | |
| campo de control | 20230906201104.0 |
| 007 - CAMPO FIJO DE DESCRIPCIÓN FÍSICA--INFORMACIÓN GENERAL | |
| campo de control de longitud fija | t| |
| 008 - DATOS DE LONGITUD FIJA--INFORMACIÓN GENERAL | |
| campo de control de longitud fija | 070214s1973 sp r ||||1| cat d |
| 080 ## - NÚMERO DE LA CLASIFICACIÓN DECIMAL UNIVERSAL | |
| Número de la Clasificación Decimal Universal | 726.75(467.11 Bages) San Benito |
| 100 1# - ENTRADA PRINCIPAL--NOMBRE DE PERSONA | |
| Nombre de persona | Sitjes i Molins, Xavier. |
| 9 (RLIN) | 106707 |
| 245 10 - MENCIÓN DEL TÍTULO | |
| Título | Sant Benet de Bages |
| Resto del título | : estudi arqueológic / |
| Mención de responsabilidad, etc. | per X. Sitges i Molins. |
| 260 ## - PUBLICACIÓN, DISTRIBUCIÓN, ETC. | |
| Lugar de publicación, distribución, etc. | Manresa : |
| Nombre del editor, distribuidor, etc. | Caixa d'Estalvis, |
| Fecha de publicación, distribución, etc. | 1973 ( |
| Fabricante | Gráf. Montaña) |
| 300 ## - DESCRIPCIÓN FÍSICA | |
| Extensión | 90 p., 6 h., 5 lám. : |
| Otras características físicas | il. ; |
| Dimensiones | 22 cm + |
| Material acompañante/anejo | 1 plan. pleg. |
| 610 24 - PUNTO DE ACCESO ADICIONAL DE MATERIA--NOMBRE DE ENTIDAD CORPORATIVA | |
| Nombre de entidad corporativa o nombre de jurisdicción como elemento de entrada | Monasterio de San Benito (Bages) |
| 9 (RLIN) | 145887 |
| 710 2# - ENTRADA AGREGADA--NOMBRE DE ENTIDAD CORPORATIVA | |
| Nombre de entidad corporativa o nombre de jurisdicción como elemento de entrada | Caja de Ahorros de Manresa. |
| 9 (RLIN) | 2288 |
| 852 ## - LOCALIZACIÓN | |
| Ubicación | ES-MaACL |
| Número de control de estantería | C-53914 |
| Sublocalización o colección | R.86750 |
| Estatus retirado | Estado de pérdida | Estado de daño | No para préstamo | Biblioteca de origen | Biblioteca actual | Ubicación en estantería | Fecha de adquisición | Fuente de adquisición | Total de préstamos | Signatura topográfica completa | Código de barras | Visto por última vez | Precio de reemplazo | Tipo de ítem Koha |
|---|---|---|---|---|---|---|---|---|---|---|---|---|---|---|
| Biblioteca del Ateneo de Madrid | Biblioteca del Ateneo de Madrid | Depósito 2 | 17/01/2008 | C-53914 | 1150936 | 23/02/2023 | 23/02/2023 | Libro impreso |
